Comunidades cristianas de base: signo de los tiempos, opción pastoral

Bewaard in:
Bibliografische gegevens
Formaat: Boek
Taal:Spaans
Gepubliceerd in: Bogotá Indo-American 1971
Editie:2a. ed
Reeks:Colección Iglesia Nueva, 4
Onderwerpen:
Tags: Voeg label toe
Geen labels, Wees de eerste die dit record labelt!

MARC

LEADER 00000nam a2200000 a 4500
001 UCL3427
003 CL-VaPUC
008 031128e19710000CK |||||||||||||||||spa|d
082 0 4 |a 253  |b COM  |2 21 
245 1 0 |a Comunidades cristianas de base: signo de los tiempos, opción pastoral 
250 |a 2a. ed 
300 |a 95 p 
942 |c BK 
945 |d 20031128 00:00:00  |a vberengu 
260 |a Bogotá  |b Indo-American  |c 1971 
650 0 |a Teología pastoral   |9 257832 
650 7 |a COMUNIDADES CRISTIANAS  |2 CL-VaPUC  |9 480708 
583 |a last modification  |c 20031128 00:00:00  |k Rodrigo Vera 
490 0 |a Colección Iglesia Nueva, 4 
999 |c 306468  |d 306466 
952 |0 0  |1 0  |4 0  |6 253_000000000000000_COM_1971  |7 0  |8 A  |9 371494  |a BIBTEO  |b BIBTEO  |d 2019-11-21  |i 2095734  |o 253 COM 1971  |p 2095734  |r 2025-01-17  |w 2019-11-21  |y BK  |k ICR